000 00630nam a2200229 a 4500
008
020 _a0340242914(pbk).
049 _aMAIN
090 _aRA651
_bPAR
100 1 _aParry, Wilfrid H.
245 1 0 _aCommunicable diseases /
_cWlfrid H. Parry.
250 _a3rd ed.
260 _aLondon :
_bHodder and Stoughton,
_c1979.
500 _aIncudes index.
504 _aIncludes bibliographical references.
650 _aInfectious diseases.
907 _a.b10252940
_b08-04-10
_c24-10-07
003
005 20230123134511.0
040 _cNUST
942 _cBOOKS
_kRA651
_mPAR
999 _c167000
_d167000